000 00591nam a2200193Ia 4500
003 IN-BaIIA
008 211028s9999 xx 000 0 eng d
040 _cIIA Library
080 _a083.7:683.33
_bISI
110 _aIndian Standards Institution
245 0 _aIndian standard specification for drawer locks, cupboard lock and box locks
_cIndian Standards Institution
260 _aNew Delhi
_bIndian Standards Institution
_c1970
300 _a22p.
500 _aIS 729 : 1969
650 _a Locks-Standards
_98837
650 _a Standards 
650 _aNASA Thesaurus 
942 _cBK
999 _c4936
_d4936